| 000 | 00594nam a2200205 u 4500 | ||
|---|---|---|---|
| 005 | 20241203063742.0 | ||
| 008 | 111123s2007 r 000 0 eng d | ||
| 020 | _a9702211107 (10 dígitos) | ||
| 020 | _a9789702211115 (13 dígitos) | ||
| 035 | _aUPN01000182600 | ||
| 049 | _aI | ||
| 050 | 4 |
_aQE861.4 _bS7.7 |
|
| 100 | 1 | _aStorrs, Glenn W., | |
| 245 | 1 | 0 |
_aTyrannosaurus / _cGlenn W. Storrs ; tr. María Emilia Picazo. |
| 260 |
_aMéxico : _bLarousse, _c2007. |
||
| 300 |
_a39 p. : _bil. |
||
| 440 | 0 | _aDinoclub | |
| 650 | 4 |
_aDinosaurios _vLiteratura infantil _99370 |
|
| 905 | _aInfantil | ||
| 999 |
_c154703 _d154703 |
||